000 00663nam a2200241Ia 4500
008 160901s9999 xx 000 0 und d
020 _a0-07-121075-X
050 _aComSc QA 76.64
050 _b.W83 2001 c.2
100 _aWu, C. Thomas.
245 3 _aAn Introduction to object-oriented programming with Java /
245 _cC. Thomas Wu.
250 _a2nd Edition
260 _aNew York :
260 _bMcGraw-Hill.,
260 _c2002
300 _a863 pages :
300 _bill. ;
300 _c23 cm.
500 _aIncludes index.
650 _aObject-oriented programming (Comouter science).
650 _xJava (Computer program language).
999 _c300809
_d300809